| 000 | 00870nam a22001937a 4500 | ||
|---|---|---|---|
| 003 | BD-DhUL | ||
| 005 | 20160906144818.0 | ||
| 008 | 160906s2009 bg ||||| |||| 00| 0 ben | ||
| 040 |
_aBD-DhUL _cBD-DhUL |
||
| 082 |
_a954.92 _bBAN |
||
| 110 | 2 | _aবাংলাদেশ সেনাবাহিনী, শিক্ষা পরিদপ্তর | |
| 245 | 0 | 0 |
_aবাংলাদেশের মুক্তিযুদ্ধ : _bষষ্ঠ খণ্ড / _cবাংলাদেশ সেনাবাহিনী, শিক্ষা পরিদপ্তর |
| 260 |
_aঢাকা : _bএশিয়া, _c২০০৯. |
||
| 300 |
_aখ. : _bচিত্র ; _c২২ সেমি. |
||
| 504 | _aসূচী : খ.১, পর্ব-১ | ||
| 651 | 0 | _aবাংলাদেশ - ইতিহাস | |
| 651 | 0 | _aBangladesh-History | |
| 942 |
_2ddc _cBK |
||
| 999 |
_c104407 _d104407 |
||